Top 15 Polskich Instagramerów - Statystyki

Ogólne statystyki
  • Ten quiz został rozwiązany 1 832 razy
  • Średni wynik to 6 z 15
Statystyki odpowiedzi
Numer Osoba % Poprawnych
6 Friz
94%
8 Wersow
91%
1 Robert Lewandowski
84%
9 Tromba
71%
3 Anna Lewandowska
66%
12 Stuu
56%
10 Marcin Dubiel
50%
7 Wojciech Szczęsny
32%
15 Lexy Chaplin
29%
13 Julia Wieniawa
20%
5 Zusje
16%
4 Veronica Bielik
10%
11 Martyna Wojciechowska
6%
2 Anna Maria Sieklucka
5%
14 Jdabrowsky
5%
Nie znaleziono quizów pasujących do podanych kryteriów
Rozkład punktacji
Procent ludzi z każdym wynikiem
Percentyl według liczby udzielonych odpowiedzi
Twoja historia wyników
Nie rozwiązałeś tego quizu